000 00644cam a22002293a 4500
001 6734
003 PGUSA
005 20140828083136.0
008 041001s2004||||xxu|||||s|||||000 1 eng d
040 _aPGUSA
_beng
042 _adc
050 4 _aPS
100 1 _aCooper, Elizabeth,
_d1877-1945
245 1 0 _aDrusilla with a Million
_h[electronic resource] /
_cElizabeth Cooper
260 _bProject Gutenberg,
_c2004
506 _aPublic domain in the USA.
516 _aElectronic text
653 _aWomen philanthropists -- Fiction
830 0 _aProject Gutenberg
_v6734
856 4 0 _uhttp://www.gutenberg.org/ebooks/6734
942 _cEB
999 _c236054
_d236054